000
00257nam a2200109Ia 4500
008
190216s9999||||xx |||||||||||||| ||und||
100
_a
Nambiar M C K
245
0
_a
Solved Papers In Advanced Accountancy
260
_b
Null
_c
1977
300
_a
242p
942
_c
BK
999
_c
4389
_d
4389